| 000 | 00490nam a22001697a 4500 | ||
|---|---|---|---|
| 999 |
_c41253 _d41253 |
||
| 003 | OSt | ||
| 005 | 20210412110650.0 | ||
| 008 | 210412b ||||| |||| 00| 0 eng d | ||
| 020 | _a9788182714638 | ||
| 040 | _coclc | ||
| 082 |
_a954 _bMUH/M |
||
| 100 |
_91908 _aMuhammed, T |
||
| 245 |
_aMappila Samudhayam Charithram Samskaram/ _cT Muhammed |
||
| 260 |
_aKozhikode: _bIslamic Publishing House, |
||
| 300 | _a456 Pages | ||
| 942 |
_2ddc _cBK _h954 _iMUH/M _k954 _mMUH/M |
||